000 00901nam a2200277 i 4500
003 DO-SdBNP
005 20241205130409.0
006 a||||gr|||| 00| 0
007 ta
008 231027e2012 dr ||||| |||| 00| 0 spa d
020 _a9789945470291
040 _aDO-SdBNP
_bspa
_cBNPHU
_erda
082 4 _222
_bA657e
100 _aAquino R., José Àngel
_eautor
_957581
110 1 _eautor
_aRepública Dominicana.
_bDirección General de Promoción de la Mujer
_966824
245 1 0 _aElecciones 2012, normas, logistica y resultados /
_cJosé Àngel Aquino R.
264 _aSanto Domingo :
_bJunta Central Electoral (JCE),
_c2012
300 _a61 páginas ;
_c22 cm
336 _2rdacontent
_atexto
_btxt
337 _2rdamedia
_asin mediación
_bn
338 _2rdacarrier
_avolumen
_bnc
490 _aSerie educación electoral
590 _aInventariado 2023 / DG
910 _aDG
942 _2ddc
_cLF2
999 _c55403
_d55403